[Event "32. Copenhagen Open (Politiken Cup)"]
[Site "Elsinore"]
[Date "2010.08.03"]
[Round "5"]
[White "Skjoldager, Per"]
[Black "Rundgren, Anders"]
[Result "1/2-1/2"]
[WhiteElo "2137"]
[BlackElo "1915"]
[PlyCount "42"]
[EventDate "2010.07.31"]
[EventType "swiss"]
[EventRounds "10"]
[EventCountry "DEN"]
[Source "ChessBase"]
[SourceDate "2010.09.01"]

1. e4 c6 2. d4 d5 3. Nc3 dxe4 4. Nxe4 Nd7 5. Bd3 Ngf6 6. Ng5 e6 7. Bf4 Nd5 8.
Bd2 N7f6 9. c3 h6 10. Ne4 Nxe4 11. Bxe4 Nf6 12. Bc2 c5 13. dxc5 Bxc5 14. Qe2
Bd7 15. Rd1 Qc7 16. Nf3 a6 17. Ne5 Bxf2+ 18. Kxf2 Qxe5 19. Qxe5 Ng4+ 20. Kg3
Nxe5 21. Bf4 Nc6 1/2-1/2

[Event "32. Copenhagen Open (Politiken Cup)"]
[Site "Elsinore"]
[Date "2010.08.03"]
[Round "5"]
[White "Skovgaard, Peter Nicolai"]
[Black "Andersson, Christin"]
[Result "0-1"]
[WhiteElo "2299"]
[BlackElo "2129"]
[PlyCount "100"]
[EventDate "2010.07.31"]
[EventType "swiss"]
[EventRounds "10"]
[EventCountry "DEN"]
[Source "ChessBase"]
[SourceDate "2010.09.01"]

1. e4 e6 2. d4 d5 3. Nc3 Nc6 4. e5 f6 5. Bb5 Bd7 6. Nf3 Bb4 7. O-O Qe7 8. a3
Bxc3 9. Bxc6 Bxc6 10. bxc3 O-O-O 11. Re1 Qf7 12. Qe2 Bd7 13. c4 dxc4 14. d5 Bb5
15. a4 Ba6 16. exf6 exd5 17. fxg7 Qxg7 18. Bg5 Rf8 19. Qe6+ Qd7 20. Qe5 Nf6 21.
Bxf6 Rhg8 22. Nd4 b6 23. Bh4 Re8 24. Qf5 c5 25. Qxd7+ Kxd7 26. Nb5 Bb7 27. Bg3
Rxe1+ 28. Rxe1 a6 29. Nd6 Rxg3 30. hxg3 Kxd6 31. g4 d4 32. f4 b5 33. axb5 axb5
34. Kf2 b4 35. Ke2 Bxg2 36. Kd2 Bf3 37. g5 Bg4 38. Rh1 c3+ 39. Kc1 Bf5 40. Rh6+
Kd5 41. Rf6 Be4 42. Rf8 d3 43. cxd3 Bxd3 44. Rb8 Kc4 45. f5 Bxf5 46. Rf8 Bg6
47. Rf4+ Kb5 48. Rf3 c4 49. Re3 Bd3 50. Re5+ Kc6 0-1

[Event "32. Copenhagen Open (Politiken Cup)"]
[Site "Elsinore"]
[Date "2010.08.03"]
[Round "5"]
[White "Stojanovski, Sandi"]
[Black "Christensen, Klaus"]
[Result "0-1"]
[WhiteElo "2208"]
[BlackElo "2009"]
[PlyCount "74"]
[EventDate "2010.07.31"]
[EventType "swiss"]
[EventRounds "10"]
[EventCountry "DEN"]
[Source "ChessBase"]
[SourceDate "2010.09.01"]

1. Nf3 d5 2. e3 Nf6 3. c4 c6 4. b3 Bg4 5. Bb2 e6 6. Be2 Bd6 7. Ne5 Bxe2 8. Qxe2
Nbd7 9. f4 Qc7 10. Nxd7 Qxd7 11. O-O Qe7 12. Bxf6 Qxf6 13. d4 O-O 14. Nc3 Bb4
15. Na4 Qe7 16. c5 Ba5 17. a3 Bc7 18. e4 dxe4 19. Qxe4 Rad8 20. Rad1 Rfe8 21.
Nc3 Qf6 22. g3 g6 23. b4 Qe7 24. Rd3 Qd7 25. h4 h5 26. Qf3 Kg7 27. Rfd1 Kh6 28.
Kg2 a6 29. g4 Rg8 30. Re3 Rde8 31. Ne4 hxg4 32. Qxg4 Qe7 33. Ng5 Qf6 34. Kg3
Rd8 35. Re4 Rd5 36. Rh1 Kg7 37. h5 Rxg5 0-1

[Event "32. Copenhagen Open (Politiken Cup)"]
[Site "Elsinore"]
[Date "2010.08.03"]
[Round "5"]
[White "Tozaki, Halil"]
[Black "Eisele, Per"]
[Result "1/2-1/2"]
[WhiteElo "2030"]
[BlackElo "1804"]
[PlyCount "54"]
[EventDate "2010.07.31"]
[EventType "swiss"]
[EventRounds "10"]
[EventCountry "DEN"]
[Source "ChessBase"]
[SourceDate "2010.09.01"]

1. d4 Nc6 2. c4 e5 3. dxe5 Nxe5 4. Qc2 Bb4+ 5. Bd2 Qe7 6. Nf3 Nxf3+ 7. gxf3
Bxd2+ 8. Nxd2 Nf6 9. O-O-O d6 10. e3 Bd7 11. Rg1 g6 12. Bd3 O-O-O 13. Ne4 Nxe4
14. Bxe4 f5 15. Bd3 Bc6 16. f4 Rde8 17. Rg3 Qf6 18. Rdg1 Be4 19. Kd2 d5 20.
cxd5 Bxd3 21. Kxd3 Rd8 22. Rc1 Rxd5+ 23. Ke2 c6 24. Rgg1 Rhd8 25. Rgd1 Rxd1 26.
Rxd1 Rxd1 27. Kxd1 Kc7 1/2-1/2

[Event "32. Copenhagen Open (Politiken Cup)"]
[Site "Elsinore"]
[Date "2010.08.03"]
[Round "5"]
[White "Wiecker, Stefan"]
[Black "Meier, Lars"]
[Result "0-1"]
[WhiteElo "2188"]
[BlackElo "1934"]
[PlyCount "122"]
[EventDate "2010.07.31"]
[EventType "swiss"]
[EventRounds "10"]
[EventCountry "DEN"]
[Source "ChessBase"]
[SourceDate "2010.09.01"]

1. e4 d5 2. exd5 Nf6 3. Nf3 Nxd5 4. d4 Bg4 5. Be2 e6 6. O-O Be7 7. h3 Bf5 8. a3
O-O 9. c4 Nb6 10. Nc3 Nc6 11. Bf4 Bf6 12. Nb5 Rc8 13. Ne5 Bxe5 14. dxe5 a6 15.
Nc3 Nd4 16. c5 Nxe2+ 17. Qxe2 Nd5 18. Nxd5 Qxd5 19. Rfd1 Qxc5 20. Rac1 Qe7 21.
Qf3 Rb8 22. Qe3 Rfd8 23. Bg5 Rxd1+ 24. Rxd1 Qe8 25. Qa7 h6 26. Bh4 Be4 27. Rc1
Rc8 28. Qd4 Bd5 29. Qg4 Kh7 30. Rc3 Qb5 31. Bf6 g6 32. b4 Ba2 33. Qd1 Bd5 34.
Qc2 Bc6 35. Rc5 Qb6 36. h4 a5 37. Rxa5 Qd4 38. Rc5 Qf4 39. f3 Bxf3 40. Rc4 Qg3
41. Rc3 Qe1+ 42. Kh2 Be4 43. Qb2 Qd1 44. Rc1 Qg4 45. Qf2 Bd5 46. Rc3 b6 47. Rg3
Qh5 48. b5 Be4 49. Qd4 Bd5 50. Qd2 c5 51. bxc6 Rxc6 52. Qb4 g5 53. Qb1+ Qg6 54.
Qd1 Rc2 55. hxg5 h5 56. a4 h4 57. Rg4 Kg8 58. Qe1 Qh5 59. Kh3 Bxg2+ 60. Rxg2
Qf3+ 61. Rg3 hxg3 0-1

[Event "32. Copenhagen Open (Politiken Cup)"]
[Site "Elsinore"]
[Date "2010.08.03"]
[Round "5"]
[White "Zachariassen, John"]
[Black "Hansen, Morten Moller"]
[Result "0-1"]
[WhiteElo "1970"]
[BlackElo "2154"]
[PlyCount "91"]
[EventDate "2010.07.31"]
[EventType "swiss"]
[EventRounds "10"]
[EventCountry "DEN"]
[Source "ChessBase"]
[SourceDate "2010.09.01"]

1. d3 e5 2. Nf3 d6 3. c4 f5 4. Nc3 c6 5. e4 Nf6 6. Qc2 c5 7. Bg5 Nc6 8. Be2 Be7
9. Bxf6 Bxf6 10. Nd5 O-O 11. Qd2 h6 12. a3 Be6 13. Nxf6+ Qxf6 14. Rc1 g5 15. h3
Kg7 16. Qe3 fxe4 17. dxe4 Rf7 18. Rc3 Nd4 19. Nd2 Raf8 20. f3 Bd7 21. Bd1 Qg6
22. Nf1 h5 23. Nh2 Rf4 24. Rg1 Qh6 25. g3 R4f6 26. h4 gxh4 27. gxh4+ Rg6 28.
Qxh6+ Kxh6 29. Rxg6+ Kxg6 30. Kf2 Rf4 31. Kg3 Bc6 32. Re3 b5 33. cxb5 Bxb5 34.
a4 Bc4 35. b3 Ba6 36. Re1 Rf8 37. Re3 Rg8 38. Re1 Kh6+ 39. Kf2 Rb8 40. Re3 c4
41. bxc4 Rb2+ 42. Kg3 Rd2 43. Bb3 Rb2 44. Bd1 Bxc4 45. Rc3 Be2 46. Bxe2 0-1

[Event "32. Copenhagen Open (Politiken Cup)"]
[Site "Elsinore"]
[Date "2010.08.04"]
[Round "6"]
[White "Andersen, Dag"]
[Black "Bremer, Erik"]
[Result "1-0"]
[WhiteElo "1899"]
[BlackElo "1669"]
[PlyCount "53"]
[EventDate "2010.07.31"]
[EventType "swiss"]
[EventRounds "10"]
[EventCountry "DEN"]
[Source "ChessBase"]
[SourceDate "2010.09.01"]

1. d4 Nf6 2. Nf3 e6 3. Bg5 d5 4. e3 Nbd7 5. Nbd2 Be7 6. Bd3 c5 7. c3 Qc7 8. O-O
O-O 9. Rc1 b6 10. Qe2 Bb7 11. c4 Rfe8 12. cxd5 exd5 13. dxc5 bxc5 14. b3 Bd6
15. h3 Rac8 16. Bb5 Re6 17. Nd4 Re4 18. Bxf6 Nxf6 19. Nxe4 Nxe4 20. Bd3 Qa5 21.
Nf5 Be5 22. Ne7+ Kh8 23. Nxc8 Bxc8 24. Bxe4 dxe4 25. Qh5 c4 26. Qxf7 Qd8 27.
Rfd1 1-0

[Event "32. Copenhagen Open (Politiken Cup)"]
[Site "Elsinore"]
[Date "2010.08.04"]
[Round "6"]
[White "Andersen, Daniel"]
[Black "Maechel, Michael"]
[Result "1-0"]
[WhiteElo "1926"]
[BlackElo "1748"]
[PlyCount "86"]
[EventDate "2010.07.31"]
[EventType "swiss"]
[EventRounds "10"]
[EventCountry "DEN"]
[Source "ChessBase"]
[SourceDate "2010.09.01"]

1. c4 Nf6 2. Nc3 e6 3. Nf3 d5 4. d4 Be7 5. g3 O-O 6. Bg2 c6 7. O-O Nbd7 8. b3
Re8 9. Qc2 h6 10. Rd1 Bd6 11. e4 dxe4 12. Nxe4 Nxe4 13. Qxe4 Nf6 14. Qc2 Qe7
15. Bb2 Bd7 16. Ne5 Rac8 17. a3 Red8 18. b4 Bb8 19. Qb3 Be8 20. f4 a6 21. Nd3
Ba7 22. Nc5 Bxc5 23. bxc5 Rc7 24. Re1 g6 25. Qc3 Nh5 26. d5 Qxc5+ 27. Kh1 f6
28. dxe6 Re7 29. g4 Qf2 30. Rf1 Qd2 31. gxh5 Qxc3 32. Bxc3 Rxe6 33. Rae1 Red6
34. Be4 f5 35. Bc2 Bf7 36. hxg6 Bxc4 37. Bxf5 Bxf1 38. Rxf1 c5 39. Re1 Rf8 40.
Be6+ Rxe6 41. Rxe6 Rxf4 42. g7 Rg4 43. Re8+ Kh7 1-0

[Event "32. Copenhagen Open (Politiken Cup)"]
[Site "Elsinore"]
[Date "2010.08.04"]
[Round "6"]
[White "Andersen, Harry"]
[Black "Preuss, Flemming"]
[Result "1-0"]
[WhiteElo "1871"]
[BlackElo "2039"]
[PlyCount "91"]
[EventDate "2010.07.31"]
[EventType "swiss"]
[EventRounds "10"]
[EventCountry "DEN"]
[Source "ChessBase"]
[SourceDate "2010.09.01"]

1. e4 d6 2. d4 Nf6 3. Bd3 e5 4. Nf3 Nbd7 5. O-O Be7 6. c3 c5 7. Na3 b5 8. Nc2
Bb7 9. a4 a6 10. Ne3 g6 11. Ng5 O-O 12. Nh3 Re8 13. Ng4 Nxg4 14. Qxg4 Nf6 15.
Qe2 Bf8 16. f4 exf4 17. Bxf4 Nh5 18. Be3 Qe7 19. axb5 axb5 20. Qf3 f5 21. Bg5
Nf6 22. Rae1 Qg7 23. Qd1 Nxe4 24. Bh4 Be7 25. Qb3+ Kh8 26. Bxe4 Bxh4 27. Bxb7
Qxb7 28. g3 Bf6 29. Nf4 Re4 30. Rxe4 Qxe4 31. Qf7 Qe7 32. Qxe7 Bxe7 33. Re1 Bf8
34. Re6 Kg8 35. Nd5 Ra7 36. Kf2 Rd7 37. Nf6+ Kf7 38. Nxd7 Kxe6 39. Nxf8+ Kd5
40. Ke3 Kc4 41. Kd2 b4 42. cxb4 Kxd4 43. Nxh7 Kc4 44. h4 Kxb4 45. Nf8 Kb3 46.
Nxg6 1-0

[Event "32. Copenhagen Open (Politiken Cup)"]
[Site "Elsinore"]
[Date "2010.08.04"]
[Round "6"]
[White "Andersson, Christin"]
[Black "Antonsen, Mikkel"]
[Result "0-1"]
[WhiteElo "2129"]
[BlackElo "2463"]
[PlyCount "132"]
[EventDate "2010.07.31"]
[EventType "swiss"]
[EventRounds "10"]
[EventCountry "DEN"]
[Source "ChessBase"]
[SourceDate "2010.09.01"]

1. e4 e5 2. Nf3 Nc6 3. Nc3 Nf6 4. Bb5 Bd6 5. d3 h6 6. O-O O-O 7. a3 Re8 8. Re1
Bc5 9. Be3 Bxe3 10. fxe3 d6 11. d4 Bd7 12. Qd3 a6 13. Bc4 Bg4 14. Nd5 Nd7 15.
Rf1 Kh8 16. Rae1 Bh5 17. Nb4 Na5 18. Ba2 c5 19. Nd5 b5 20. b3 Bg6 21. Nd2 Nc6
22. Nf3 Nb6 23. dxc5 dxc5 24. c4 b4 25. axb4 Nxd5 26. Qxd5 Nxb4 27. Qxd8 Raxd8
28. Bb1 Bh5 29. Rd1 f6 30. h3 g5 31. g4 Bg6 32. Kf2 h5 33. Ke2 hxg4 34. hxg4
Kg7 35. Ne1 Rxd1 36. Kxd1 Bf7 37. Nd3 Rd8 38. Ke2 Nxd3 39. Bxd3 Be6 40. Rg1 Rb8
41. Bc2 Rh8 42. Kd3 Rh4 43. Bd1 Bc8 44. Be2 Kf7 45. Kc3 Rh3 46. Kd3 Bb7 47. Rb1
Rh8 48. Bf3 Rh3 49. Rh1 Rxh1 50. Bxh1 a5 51. Kc3 Bc6 52. Bf3 Ke7 53. Kb2 a4 54.
bxa4 Bxa4 55. Ka3 Bc6 56. Bg2 f5 57. gxf5 g4 58. Kb2 Kf6 59. Kc3 Kg5 60. Kd2
Kh4 61. Ke2 Kg3 62. Kf1 Kh2 63. Kf2 Be8 64. f6 Bf7 65. Kf1 Bxc4+ 66. Kf2 Bf7
0-1

[Event "32. Copenhagen Open (Politiken Cup)"]
[Site "Elsinore"]
[Date "2010.08.04"]
[Round "6"]
[White "Andreassen, Mikkel"]
[Black "Wimo, Jorgen"]
[Result "1/2-1/2"]
[WhiteElo "1968"]
[BlackElo "1807"]
[PlyCount "96"]
[EventDate "2010.07.31"]
[EventType "swiss"]
[EventRounds "10"]
[EventCountry "DEN"]
[Source "ChessBase"]
[SourceDate "2010.09.01"]

1. d4 d5 2. c4 c6 3. Nf3 e6 4. e3 Nf6 5. b3 Nbd7 6. Bb2 Be7 7. Bd3 O-O 8. O-O
c5 9. Nbd2 b6 10. Ne5 Bb7 11. Qc2 h6 12. f4 Rc8 13. Rae1 cxd4 14. exd4 dxc4 15.
bxc4 Nd5 16. Qb1 Nb4 17. Bh7+ Kh8 18. Ndf3 Nf6 19. Bg6 Kg8 20. f5 fxg6 21. Nxg6
Nc6 22. Rxe6 Qc7 23. d5 Bc5+ 24. Kh1 Nd8 25. Nxf8 Bxf8 26. Bxf6 Nxe6 27. Be5
Qxc4 28. dxe6 Be4 29. Qe1 Bxf5 30. Nd4 Bxe6 31. Bxg7 Bxg7 32. Qxe6+ Qxe6 33.
Nxe6 Rc2 34. Nxg7 Kxg7 35. Ra1 b5 36. a3 a5 37. h3 Kg6 38. Rb1 Rc5 39. Rb3 h5
40. g3 Kf5 41. Kg2 Ke4 42. Kf2 Kd4 43. g4 hxg4 44. hxg4 Kc4 45. Rg3 Rg5 46. Ke2
b4 47. axb4 axb4 48. Kd2 Kd4 1/2-1/2

[Event "32. Copenhagen Open (Politiken Cup)"]
[Site "Elsinore"]
[Date "2010.08.04"]
[Round "6"]
[White "Asmund, Erik"]
[Black "Johansen, Johnny Holler"]
[Result "0-1"]
[WhiteElo "1778"]
[BlackElo "1918"]
[PlyCount "102"]
[EventDate "2010.07.31"]
[EventType "swiss"]
[EventRounds "10"]
[EventCountry "DEN"]
[Source "ChessBase"]
[SourceDate "2010.09.01"]

1. c4 Nf6 2. d4 g6 3. b3 Bg7 4. Bb2 O-O 5. Nf3 d6 6. e3 Nbd7 7. Qc2 c5 8. Be2
Rb8 9. O-O a6 10. Nc3 cxd4 11. exd4 b6 12. Rad1 Qc7 13. Qb1 Bb7 14. h3 Rbc8 15.
Nh4 Qb8 16. Bf3 Bxf3 17. Nxf3 b5 18. cxb5 axb5 19. Ne2 Bh6 20. Bc1 Bxc1 21.
Rxc1 Nd5 22. Rxc8 Rxc8 23. Rc1 b4 24. Nd2 N7f6 25. Rxc8+ Qxc8 26. Qc1 Qxc1+ 27.
Nxc1 Nc3 28. Nc4 Kf8 29. a4 bxa3 30. Nxa3 Ke8 31. Kf1 Kd7 32. Ne2 Nxe2 33. Kxe2
Kc6 34. Kd3 d5 35. f3 Nh5 36. Ke3 Ng7 37. Nc2 f6 38. g4 Ne8 39. Nb4+ Kd6 40.
Nd3 Nc7 41. f4 Nb5 42. Kd2 Nxd4 43. b4 e5 44. fxe5+ fxe5 45. Nc5 Ne6 46. Nb7+
Kc6 47. Na5+ Kb5 48. Kc3 g5 49. Nb7 Kc6 50. Na5+ Kb6 51. Nb3 Nf4 0-1

[Event "32. Copenhagen Open (Politiken Cup)"]
[Site "Elsinore"]
[Date "2010.08.04"]
[Round "6"]
[White "Bach, Matthias"]
[Black "Ochsner, Bjorn Moller"]
[Result "0-1"]
[WhiteElo "2303"]
[BlackElo "2165"]
[PlyCount "54"]
[EventDate "2010.07.31"]
[EventType "swiss"]
[EventRounds "10"]
[EventCountry "DEN"]
[Source "ChessBase"]
[SourceDate "2010.09.01"]

1. e4 c5 2. b4 cxb4 3. Bc4 Nf6 4. e5 d5 5. Bb5+ Bd7 6. Be2 Ng8 7. a3 bxa3 8.
Nxa3 e6 9. Nb5 Bxb5 10. Bxb5+ Nc6 11. Qg4 a6 12. Qa4 Rc8 13. Be2 Qd7 14. Rb1
Nxe5 15. Qxd7+ Nxd7 16. Rxb7 Rxc2 17. Bb2 Rc8 18. Bxa6 Nc5 19. Bb5+ Kd8 20. Ra7
Rb8 21. Ba3 Nf6 22. Ne2 Rxb5 23. Nc3 Rb8 24. Rxf7 Nd3+ 25. Ke2 Nf4+ 26. Kf3
Bxa3 27. Kxf4 Be7 0-1

[Event "32. Copenhagen Open (Politiken Cup)"]
[Site "Elsinore"]
[Date "2010.08.04"]
[Round "6"]
[White "Barane, Simon"]
[Black "Skjoldager, Flemming"]
[Result "1-0"]
[WhiteElo "1808"]
[BlackElo "2006"]
[PlyCount "65"]
[EventDate "2010.07.31"]
[EventType "swiss"]
[EventRounds "10"]
[EventCountry "DEN"]
[Source "ChessBase"]
[SourceDate "2010.09.01"]

1. e4 c6 2. d4 d5 3. Nc3 dxe4 4. f3 exf3 5. Nxf3 Bg4 6. Bc4 e6 7. Be3 Nd7 8. h3
Nb6 9. Bb3 Bh5 10. g4 Bg6 11. h4 Nd5 12. Bxd5 cxd5 13. h5 Be4 14. Nxe4 dxe4 15.
Nd2 Nf6 16. c4 Qa5 17. g5 Nd7 18. O-O f5 19. Qb3 O-O-O 20. c5 Qa6 21. Rac1 Qc6
22. Nc4 Nb8 23. Nd6+ Kd7 24. Nf7 Ke8 25. Nxh8 Be7 26. g6 hxg6 27. hxg6 Rd5 28.
Nf7 Nd7 29. a4 e5 30. Nd6+ Bxd6 31. cxd6 Qxd6 32. Rc8+ Ke7 33. Bg5+ 1-0

[Event "32. Copenhagen Open (Politiken Cup)"]
[Site "Elsinore"]
[Date "2010.08.04"]
[Round "6"]
[White "Bjorneboe, Kristian"]
[Black "Astrom, Lars"]
[Result "1/2-1/2"]
[WhiteElo "1979"]
[BlackElo "1795"]
[PlyCount "86"]
[EventDate "2010.07.31"]
[EventType "swiss"]
[EventRounds "10"]
[EventCountry "DEN"]
[Source "ChessBase"]
[SourceDate "2010.09.01"]

1. d4 d5 2. Nf3 Nf6 3. e3 c6 4. Bd3 Bg4 5. Nbd2 e6 6. c3 Bd6 7. e4 dxe4 8. Nxe4
Nxe4 9. Bxe4 Nd7 10. h3 Bh5 11. Qe2 Nf6 12. Bc2 O-O 13. Bg5 Be7 14. O-O Qd5 15.
g4 Bg6 16. Bb3 Qa5 17. Ne5 Nd5 18. Bxe7 Nxe7 19. f4 Qc7 20. Rae1 Rae8 21. Qf2
Qd6 22. Kg2 Nd5 23. a3 f5 24. Nxg6 hxg6 25. g5 Kf7 26. Re5 Rh8 27. Rfe1 Qd7 28.
c4 Nc7 29. Qc2 Qxd4 30. Kg3 Qb6 31. Ba2 c5 32. Qf2 Rh5 33. Qxc5 Qxb2 34. Qxc7+
Re7 35. Qd6 Qxa2 36. Rxe6 Qb3+ 37. R1e3 Qxe3+ 38. Rxe3 Rxe3+ 39. Kf2 Rhxh3 40.
Qd5+ Kf8 41. Qd6+ Kf7 42. Qd5+ Kf8 43. Qd6+ Kf7 1/2-1/2

[Event "32. Copenhagen Open (Politiken Cup)"]
[Site "Elsinore"]
[Date "2010.08.04"]
[Round "6"]
[White "Boje, Tobias Rosholm"]
[Black "Christensen, Simon Ellegaard"]
[Result "1/2-1/2"]
[WhiteElo "2028"]
[BlackElo "1829"]
[PlyCount "185"]
[EventDate "2010.07.31"]
[EventType "swiss"]
[EventRounds "10"]
[EventCountry "DEN"]
[Source "ChessBase"]
[SourceDate "2010.09.01"]

1. e4 d6 2. Nc3 Nf6 3. g3 e5 4. Bg2 Nbd7 5. d3 c6 6. f4 Qc7 7. Nf3 Be7 8. O-O
O-O 9. h3 Rd8 10. Kh2 Nf8 11. b3 Ng6 12. Ne2 d5 13. fxe5 Nxe5 14. Nxe5 Qxe5 15.
d4 Qh5 16. e5 Ne4 17. Qe1 f5 18. Bxe4 dxe4 19. Nf4 Qf7 20. Bb2 g5 21. Ng2 Qg6
22. c4 Be6 23. Rd1 Rd7 24. Ne3 Rad8 25. Qf2 Bf8 26. Nxf5 Rf7 27. g4 h5 28. Kg3
Bb4 29. a3 Ba5 30. Bc1 Rdf8 31. Qe2 h4+ 32. Kg2 Bxf5 33. gxf5 Rxf5 34. Rxf5
Rxf5 35. Rf1 Bb6 36. Be3 Rxf1 37. Kxf1 Qf5+ 38. Kg2 Kg7 39. Qh5 Bd8 40. a4 a6
41. Qe2 Kg6 42. Bd2 c5 43. Be3 cxd4 44. Bxd4 Bc7 45. Qf2 Bxe5 46. Be3 Qxf2+ 47.
Kxf2 Bf4 48. Bd4 Kf5 49. b4 Ke6 50. b5 axb5 51. axb5 Kf5 52. c5 Ke6 53. c6 bxc6
54. bxc6 Kd5 55. Ba7 Kxc6 56. Ke2 Kd5 57. Bg1 Ke5 58. Bf2 Kf5 59. Bc5 Bh2 60.
Be3 g4 61. hxg4+ Kxg4 62. Kf2 h3 63. Bc5 Bg3+ 64. Kf1 Kf3 65. Kg1 h2+ 66. Kh1
Bf2 67. Bb4 Bg3 68. Bd6 Bf4 69. Bc5 Ke2 70. Bf2 Kd3 71. Bb6 Be5 72. Bf2 Bd4 73.
Bg3 Ke3 74. Kxh2 Kf3 75. Be1 e3 76. Bh4 e2 77. Be1 Be3 78. Kh1 Bf4 79. Kg1 Bg3
80. Bb4 Bf2+ 81. Kh1 Bd4 82. Be1 Ke3 83. Kg2 Kd3 84. Kf3 Be3 85. Bg3 Kd2 86.
Bh4 Bd4 87. Ke4 Bf6 88. Bg3 Kd1 89. Kd3 Bd8 90. Bf2 Ba5 91. Bh4 Be1 92. Be7 Bg3
93. Bb4 1/2-1/2

[Event "32. Copenhagen Open (Politiken Cup)"]
[Site "Elsinore"]
[Date "2010.08.04"]
[Round "6"]
[White "Bratteteig, Tore Inge"]
[Black "Christensen, Casper"]
[Result "1/2-1/2"]
[WhiteElo "1671"]
[BlackElo "1888"]
[PlyCount "64"]
[EventDate "2010.07.31"]
[EventType "swiss"]
[EventRounds "10"]
[EventCountry "DEN"]
[Source "ChessBase"]
[SourceDate "2010.09.01"]

1. d4 Nf6 2. c4 g6 3. Nf3 Bg7 4. Nc3 d6 5. g3 O-O 6. Bg2 Nbd7 7. O-O c5 8. Re1
Rb8 9. e4 cxd4 10. Nxd4 Ne5 11. b3 Qa5 12. Bb2 a6 13. Qe2 Bd7 14. Nd5 Rfe8 15.
Bc3 Qc5 16. Qd2 b5 17. cxb5 axb5 18. Rac1 Nxd5 19. exd5 Qa7 20. Rc2 Rec8 21.
Rec1 h5 22. Ba1 Rxc2 23. Rxc2 Kh7 24. h3 Rb7 25. Kh2 Be8 26. Qd1 Qa8 27. f4 Nd7
28. Nc6 Bxa1 29. Qxa1 Nc5 30. Qd1 b4 31. Qe2 Bxc6 32. dxc6 Rc7 1/2-1/2

[Event "32. Copenhagen Open (Politiken Cup)"]
[Site "Elsinore"]
[Date "2010.08.04"]
[Round "6"]
[White "Brauener, Jonathan"]
[Black "Pedersen, Jan Kaas"]
[Result "1/2-1/2"]
[WhiteElo "1885"]
[BlackElo "2061"]
[PlyCount "42"]
[EventDate "2010.07.31"]
[EventType "swiss"]
[EventRounds "10"]
[EventCountry "DEN"]
[Source "ChessBase"]
[SourceDate "2010.09.01"]

1. e4 g6 2. d4 Bg7 3. Nc3 c6 4. Be3 d5 5. Qd2 dxe4 6. Nxe4 Nf6 7. Nxf6+ Bxf6 8.
Nf3 Bf5 9. O-O-O Qb6 10. Bc4 Nd7 11. Rhe1 e6 12. Bb3 Qa6 13. Bg5 Bg7 14. d5 Nc5
15. dxe6 Nxb3+ 16. cxb3 O-O 17. exf7+ Rxf7 18. a3 Qb5 19. Qe3 c5 20. Nh4 Bd4
21. Qd2 Qxb3 1/2-1/2

[Event "32. Copenhagen Open (Politiken Cup)"]
[Site "Elsinore"]
[Date "2010.08.04"]
[Round "6"]
[White "Brynell, Stellan"]
[Black "Nielsen, Jan Mose"]
[Result "1-0"]
[WhiteElo "2495"]
[BlackElo "2120"]
[PlyCount "64"]
[EventDate "2010.07.31"]
[EventType "swiss"]
[EventRounds "10"]
[EventCountry "DEN"]
[Source "ChessBase"]
[SourceDate "2010.09.01"]

1. e4 c5 2. Nf3 d6 3. c3 g6 4. d4 cxd4 5. cxd4 Bg7 6. Nc3 Nf6 7. h3 O-O 8. Bd3
Nc6 9. O-O a6 10. Be3 b5 11. Qd2 Bb7 12. d5 Ne5 13. Nxe5 dxe5 14. b4 Nh5 15. a4
bxa4 16. Nxa4 Nf4 17. Nc5 Bxd5 18. exd5 Nxd3 19. Nxd3 Qxd5 20. Nc5 Qc6 21. Rfd1
Qb5 22. Ra5 Qc4 23. Rc1 Qh4 24. Bg5 Qh5 25. Bxe7 Bh6 26. Qc2 Bxc1 27. Qxc1 Rfc8
28. Qe3 Qf5 29. Ne4 Rc6 30. g4 Qf4 31. Qd3 Re8 32. Bg5 Rc3 1-0

[Event "32. Copenhagen Open (Politiken Cup)"]
[Site "Elsinore"]
[Date "2010.08.04"]
[Round "6"]
[White "Bulski, Krzysztof"]
[Black "Roelvaag, Mikael"]
[Result "1-0"]
[WhiteElo "2434"]
[BlackElo "2187"]
[PlyCount "79"]
[EventDate "2010.07.31"]
[EventType "swiss"]
[EventRounds "10"]
[EventCountry "DEN"]
[Source "ChessBase"]
[SourceDate "2010.09.01"]

1. e4 c6 2. d4 d5 3. Nc3 dxe4 4. Nxe4 Nf6 5. Nxf6+ gxf6 6. c3 Bf5 7. Nf3 e6 8.
g3 Bg7 9. Bg2 Bg6 10. O-O Nd7 11. Nh4 Nb6 12. b3 O-O 13. c4 f5 14. Be3 Qd7 15.
Nxg6 hxg6 16. Qd2 Nc8 17. Rfd1 Nd6 18. Qd3 Bf6 19. a4 a6 20. Rac1 Rac8 21. Bf3
Rfd8 22. Kg2 g5 23. Kg1 Kg7 24. Bg2 Qe7 25. Qb1 Rd7 26. d5 cxd5 27. cxd5 Rxc1
28. Bxc1 e5 29. g4 e4 30. gxf5 Qe5 31. Ba3 e3 32. fxe3 Nxf5 33. Bc5 Nh4 34. Be4
g4 35. Kh1 Qc7 36. Rc1 Qd8 37. Qd3 Ng6 38. Rg1 Ne5 39. Qd1 Kh8 40. Qf1 1-0

[Event "32. Copenhagen Open (Politiken Cup)"]
[Site "Elsinore"]
[Date "2010.08.04"]
[Round "6"]
[White "Carlstedt, Jonathan"]
[Black "Cmilyte, Viktorija"]
[Result "1-0"]
[WhiteElo "2379"]
[BlackElo "2527"]
[PlyCount "111"]
[EventDate "2010.07.31"]
[EventType "swiss"]
[EventRounds "10"]
[EventCountry "DEN"]
[Source "ChessBase"]
[SourceDate "2010.09.01"]

1. c4 Nf6 2. g3 e6 3. Bg2 d5 4. Nf3 Be7 5. O-O O-O 6. b3 c5 7. cxd5 exd5 8. d4
Nc6 9. Nc3 Ne4 10. Bb2 Bf6 11. Na4 Re8 12. Rc1 cxd4 13. Nxd4 Bd7 14. Nc5 Rc8
15. Nxe4 dxe4 16. Nxc6 Bxc6 17. Qxd8 Bxd8 18. Rfd1 Bb6 19. Bd4 Red8 20. Bxb6
axb6 21. Kf1 f5 22. Rxd8+ Rxd8 23. Ke1 Kf7 24. e3 g5 25. Bf1 Rd6 26. Rd1 Rh6
27. h3 Ke7 28. Rd4 Rd6 29. Rxd6 Kxd6 30. Kd2 Ke5 31. Kc3 f4 32. Kb4 Bd7 33. g4
fxe3 34. fxe3 Be8 35. Bb5 Bg6 36. Be2 Be8 37. Bb5 Bg6 38. Bc4 Be8 39. a4 h6 40.
a5 h5 41. Be2 hxg4 42. Bxg4 bxa5+ 43. Kxa5 b5 44. b4 Kd5 45. Be2 Bd7 46. Bf1
Ke5 47. Ka6 Kd5 48. Kb7 Ke5 49. Kc7 Be6 50. Bxb5 Bxh3 51. Bc6 Bf1 52. b5 g4 53.
b6 Ba6 54. Bd7 g3 55. Bh3 Kd5 56. Bg2 1-0

[Event "32. Copenhagen Open (Politiken Cup)"]
[Site "Elsinore"]
[Date "2010.08.04"]
[Round "6"]
[White "Christensen, Bo Garner"]
[Black "Petersen, Nils"]
[Result "0-1"]
[WhiteElo "2288"]
[BlackElo "2053"]
[PlyCount "68"]
[EventDate "2010.07.31"]
[EventType "swiss"]
[EventRounds "10"]
[EventCountry "DEN"]
[Source "ChessBase"]
[SourceDate "2010.09.01"]

1. e4 c5 2. Nf3 e6 3. b4 cxb4 4. a3 d5 5. e5 Nc6 6. axb4 Bxb4 7. c3 Be7 8. d4
f5 9. Bd3 h5 10. h4 Nh6 11. Na3 Nf7 12. Rh3 g6 13. Rg3 Rg8 14. Ng5 Nxg5 15.
Bxg5 Rb8 16. Nb5 a6 17. Nd6+ Kd7 18. c4 Bxg5 19. Rxg5 Nxd4 20. cxd5 exd5 21.
Qa4+ Nc6 22. f4 b5 23. Qb3 Ne7 24. Bxb5+ Ke6 25. Qd3 axb5 26. g4 hxg4 27. h5
Qb6 28. Ke2 Ba6 29. Kf1 Ra8 30. Kg2 b4 31. Qd2 Bc4 32. Rxa8 Rxa8 33. Nxc4 dxc4
34. hxg6 Qc6+ 0-1